header

High-speed CMOS circuits for optical receivers (Record no. 66191)

MARC details
000 -LEADER
fixed length control field 01180nam a2200301Ia 4500
100 1# - MAIN ENTRY--AUTHOR NAME
Personal name Savoj, Jafar,
245 10 - TITLE STATEMENT
Title High-speed CMOS circuits for optical receivers
260 ## - PUBLICATION, DISTRIBUTION, ETC. (IMPRINT)
Place of publication Boston :
Name of publisher Kluwer Academic,
Year of publication c2002.
300 ## - PHYSICAL DESCRIPTION
Number of Pages xiv, 124 p. :
Other physical details ill.
650 #0 - SUBJECT ADDED ENTRY--TOPICAL TERM
Topical Term Optical detectors.
Topical Term Metal oxide semiconductors, Complementary.
Topical Term Integrated circuits.
700 1# - ADDED ENTRY--PERSONAL NAME
Personal name Razavi, Behzad.
856 40 - ELECTRONIC LOCATION AND ACCESS
Uniform Resource Identifier http://site.ebrary.com/lib/rucke/Doc?id=10053306

No items available.

© 2026 Rongo University
Contact us: librarian | system librarian | Rongo university